<?xml version="1.0" encoding="UTF-8"?>
<record
    xmlns:xsi="http://www.w3.org/2001/XMLSchema-instance"
    xsi:schemaLocation="http://www.loc.gov/MARC21/slim http://www.loc.gov/standards/marcxml/schema/MARC21slim.xsd"
    xmlns="http://www.loc.gov/MARC21/slim">

  <leader>00906nam a2200277 u 4500</leader>
  <controlfield tag="001">2223</controlfield>
  <controlfield tag="005">20260428104236.0</controlfield>
  <controlfield tag="008">950517s1984                        eng  </controlfield>
  <datafield tag="020" ind1=" " ind2=" ">
    <subfield code="a">0024211605</subfield>
  </datafield>
  <datafield tag="035" ind1=" " ind2=" ">
    <subfield code="a">2223</subfield>
  </datafield>
  <datafield tag="035" ind1=" " ind2=" ">
    <subfield code="a">(OCoLC)642243090</subfield>
  </datafield>
  <datafield tag="040" ind1=" " ind2=" ">
    <subfield code="c">comduadb</subfield>
  </datafield>
  <datafield tag="041" ind1=" " ind2=" ">
    <subfield code="a">eng</subfield>
  </datafield>
  <datafield tag="082" ind1=" " ind2="4">
    <subfield code="a">160</subfield>
  </datafield>
  <datafield tag="100" ind1="1" ind2="0">
    <subfield code="a">Toulmin, Stephen Edelston,</subfield>
    <subfield code="d">1922-2009</subfield>
    <subfield code="4">aut</subfield>
    <subfield code="0">(isni)0000 0001 2096 7882</subfield>
    <subfield code="0">(viaf)105946224</subfield>
    <subfield code="e">aut</subfield>
    <subfield code="9">242257</subfield>
  </datafield>
  <datafield tag="245" ind1="1" ind2="3">
    <subfield code="a">An introduction to reasoning</subfield>
  </datafield>
  <datafield tag="250" ind1=" " ind2=" ">
    <subfield code="a">2.Ed.</subfield>
  </datafield>
  <datafield tag="260" ind1=" " ind2=" ">
    <subfield code="a">Estados Unidos :</subfield>
    <subfield code="b">MacMillan,</subfield>
    <subfield code="c">1984.</subfield>
  </datafield>
  <datafield tag="300" ind1=" " ind2=" ">
    <subfield code="a">435 p&#xE1;ginas</subfield>
  </datafield>
  <datafield tag="500" ind1=" " ind2=" ">
    <subfield code="a">Donacion:manuel j.Paez;abr/95.</subfield>
  </datafield>
  <datafield tag="650" ind1=" " ind2="7">
    <subfield code="a">L&#xF3;gica</subfield>
    <subfield code="2">lemb</subfield>
    <subfield code="9">30095</subfield>
  </datafield>
  <datafield tag="650" ind1=" " ind2="7">
    <subfield code="a">Razonamiento</subfield>
    <subfield code="2">lemb</subfield>
    <subfield code="9">2122</subfield>
  </datafield>
  <datafield tag="700" ind1="1" ind2="0">
    <subfield code="a">Rieke, Richard D.</subfield>
    <subfield code="4">aut</subfield>
    <subfield code="0">(isni)0000 0001 1083 1957</subfield>
    <subfield code="0">(viaf)111155570</subfield>
    <subfield code="e">aut</subfield>
    <subfield code="9">311734</subfield>
  </datafield>
  <datafield tag="700" ind1="1" ind2="0">
    <subfield code="a">Janik, Allan,</subfield>
    <subfield code="d">1941-</subfield>
    <subfield code="4">aut</subfield>
    <subfield code="0">(isni)0000 0001 1030 9376</subfield>
    <subfield code="0">(viaf)90678406</subfield>
    <subfield code="e">aut</subfield>
    <subfield code="9">239747</subfield>
  </datafield>
  <datafield tag="942" ind1=" " ind2=" ">
    <subfield code="c">BOOK</subfield>
  </datafield>
  <datafield tag="999" ind1=" " ind2=" ">
    <subfield code="c">2829</subfield>
    <subfield code="d">2829</subfield>
  </datafield>
  <datafield tag="952" ind1=" " ind2=" ">
    <subfield code="0">0</subfield>
    <subfield code="1">0</subfield>
    <subfield code="4">0</subfield>
    <subfield code="7">0</subfield>
    <subfield code="8">SEMIACTIVA</subfield>
    <subfield code="a">BC</subfield>
    <subfield code="b">BC</subfield>
    <subfield code="d">1998-04-21</subfield>
    <subfield code="i">C2778</subfield>
    <subfield code="l">0</subfield>
    <subfield code="o">160 T724i</subfield>
    <subfield code="p">61000001385232</subfield>
    <subfield code="r">2023-04-20 00:00:00</subfield>
    <subfield code="t">1</subfield>
    <subfield code="w">2023-04-20</subfield>
    <subfield code="y">BOOK</subfield>
  </datafield>
</record>
